| 000 | 01374cab a22002175a 4500 | ||
|---|---|---|---|
| 001 | L137270 | ||
| 008 | 070327e2007 xxk 000 0 eng d | ||
| 035 | _a(Sirsi) u137270 | ||
| 041 | 0 | _aeng | |
| 100 | 1 | _aNemeth, Hannah | |
| 245 | 0 | 0 | _aZero tolerance |
| 260 | _c2007 | ||
| 490 |
_aRICS Business _vMarch 2007, 12-16(5) |
||
| 520 | _aDiscusses recent green initiatives spanning the property industry and the built environment. Covers: government plans to make new homes zero carbon compliant by 2016 (L135908); tackling carbon emissions in existing buildings; the RICS research ?The city climate challenge for 2050? (L135099); sustainability issues facing commercial property investors; the RICS report ?Green value? (L131391) and sustainable valuation; the energy performance of buildings directive (Directive 2002/91/EC); and promoting sustainable construction by a common European methodology on life cycle costing. Also includes four sustainable case studies: Passive houses in Denmark; Co-operative Insurance Solar Tower, Manchester; the Genesis Project, Taunton; and Honingham Earth sheltered social housing scheme. | ||
| 590 | _aKA | ||
| 650 | 2 | 4 | _aDIRECTIVE 2002/91/EC |
| 651 | 4 |
_aUnited Kingdom _y |
|
| 690 | _aENVIRONMENTAL AND LAND CONSULTANCY-ENERGY-ENERGY USE-ENERGY EFFICIENCY | ||
| 690 | _aBUILT ENVIRONMENT-SUSTAINABLE CONSTRUCTION | ||
| 942 | _n0 | ||
| 999 |
_c78576 _d78576 |
||